000 00284nam a22001337a 4500
008 170627b xxu||||| |||| 00| 0 eng d
020 _a9780805041248
041 _aeng
080 _a93
100 _a21
101 _aSHH
245 _aLOST BATTALIONS
_cSLOTKIN, R
942 _2udc
_cBK
999 _c19118
_d19118